Effectif Pays-Bas - Coupe du Monde 2014 - Statistiques

Statistiques générales
  • Ce quiz a été pris 26 fois
  • Le résultat moyen est 10 sur 24
Statistiques - réponses
POSTE CLUB NUMERO JOUEUR % Correct
ATT Bayern Munich 11 Arjen Robben
92%
ATT Manchester United 9 Rovin van Persie
88%
G Ajax Amsterdam 1 Jasper Cillessen
76%
ATT Schalke 04 19 Klaas-Jan Huntelaar
68%
MIL Galatasaray 10 Wesley Sneijder
68%
ATT PSV Eindhoven 21 Memphis Depay
64%
MIL AC Milan 6 Nigel de Jong
60%
DEF Ajax Amsterdam 5 Daley Blind
56%
COACH - - Louis van Gaal
56%
DEF Feyenoord Rotterdam 3 Stefan de Vrij
56%
G Newcastle 23 Tim Krul
56%
ATT Fenerbahçe 15 Dirk Kuyt
48%
MIL PSV Eindhoven 20 Georginio Wijnaldum
36%
DEF Feyenoord Rotterdam 4 Bruno Martins Indi
28%
MIL Norwich City 18 Leroy Fer
28%
DEF Ajax Amsterdam 13 Joël Veltman
24%
DEF Aston Villa 2 Ron Vlaar
24%
G Swansea City 22 Michel Vorm
20%
DEF Feyenoord Rotterdam 7 Daryl Janmaat
16%
MIL Feyenoord Rotterdam 16 Jordy Clasie
16%
ATT Dynamo Kiev 17 Jeremain Lens
12%
MIL Swansea City 8 Jonathan de Guzmán
8%
DEF Feyenoord Rotterdam 22 Terence Kongolo
8%
DEF FC Augsbourg 12 Paul Verhaegh
4%
Aucun quiz correspondant
Distribution des résultats
% des personnes avec chaque résultat
Percentile par nombre de réponses
Votre historique - résultats
Vous n’avez pas pris ce quiz